LIBRARY & INFORMATION CENTRE, KCAET, TAVANUR

ONLINE PUBLIC ACCESS CATALOGUE (OPAC)

Refresher course in history of India: Mughal period / (Record no. 7575)

MARC details
000 -LEADER
fixed length control field 00476cam a2200181ua 4500
041 ## - LANGUAGE CODE
Language code of text/sound track or separate title eng
082 ## - DEWEY DECIMAL CLASSIFICATION NUMBER
Classification number 954.02
Item number GUR/RE
100 ## - MAIN ENTRY--AUTHOR NAME
Personal name Gurbaksh Singh, Kapoor .
245 ## - TITLE STATEMENT
Title Refresher course in history of India: Mughal period /
250 ## - EDITION STATEMENT
Edition statement 1 /
260 ## - PUBLICATION, DISTRIBUTION, ETC. (IMPRINT)
Place of publication New Delhi :
Name of publisher S.Chand and Co ,
Year of publication 1961.
300 ## - PHYSICAL DESCRIPTION
Number of Pages 526 ; .
942 ## - ADDED ENTRY ELEMENTS (KOHA)
Koha item type Books
Holdings
Withdrawn status Lost status Damaged status Home library Current library Date acquired Full call number Accession Number Koha item type
Withdrawn     KAUAET KAUAET 07/04/2012 954.02 403 B Books
free website counter